Film DCEU - Statistics

Statistiche generali
  • Questo quiz è stato fatto 40 volte
  • Il punteggio medio è 3 su 10
Statistiche sulle risposte
Anno Risposta % Corretto
2013 L'Uomo D'Acciaio
81%
2017 Justice League
54%
2017 Wonder Woman
46%
2019 Aquaman
41%
2019 Shazam!
30%
2016 Suicide Squad
30%
2016 Batman v Superman: Dawn of Justice
24%
2020 Wonder Woman 1984
24%
2020 Birds of Prey e La Fantasmagorica Rinascita di Harley Quinn
3%
2021 Zack Snyder's Justice League
3%
Nessun quiz corrispondente trovato
Distribuzione punteggi
Percentuale di utenti per punteggio
Percentile per numero di risposta
I tuoi punteggi nel tempo
Non hai fatto questo quiz